Normal view
MARC view
- CAD-CAM PRINCIPLES; MANUFACTURING MANAGEMENT
Entry Topical Term
001 - CONTROL NUMBER
- control field: 60755
003 - CONTROL NUMBER IDENTIFIER
- control field: NUST
005 - DATE AND TIME OF LATEST TRANSACTION
- control field: 20210628202621.0
008 - FIXED-LENGTH DATA ELEMENTS
- fixed length control field: 210628|| aca||aabn | a|a d
040 ## - CATALOGING SOURCE
- Original cataloging agency: NUST
- Transcribing agency: NUST
150 ## - HEADING--TOPICAL TERM
- Topical term or geographic name entry element: CAD-CAM PRINCIPLES; MANUFACTURING MANAGEMENT
670 ## - SOURCE DATA FOUND
- Source citation: Work cat.: (NUST): Mcmahon, Chris,Browne, Jimmie 60754, Cad cam prinicples, practice and manufacturing management, 2000
